Statistics for African countries with 5 or fewer letters

Click here to take the quiz!

General Stats

  • This quiz has been taken 88 times
  • The average score is 10 of 11

Answer Stats

Answer% Correct
Chad
98%
Egypt
96%
Togo
95%
Benin
93%
Mali
89%
Sudan
89%
Libya
86%
Niger
86%
Gabon
85%
Kenya
84%
Ghana
80%

Score Distribution

Percentile by Number Answered

Percent of People with Each Score

Your Score History

You have not taken this quiz